| 000 | 00349nam a2200133Ia 4500 | ||
|---|---|---|---|
| 008 | 150202s9999 xx 000 0 und d | ||
| 020 | _a553572997 | ||
| 050 |
_aFIC _bFIC |
||
| 100 | _aCarr, Caleb. | ||
| 245 | 4 |
_aThe alienenist / _cCaleb Carr. |
|
| 260 |
_aNew York : _bBantam Books, _c1994. |
||
| 300 |
_a597 pages : _c18 cm. |
||
| 650 | _aFiction. | ||
| 999 |
_c281899 _d281899 |
||